El juego del revés /

Nacido en 1943 en Vecchiano, Antonio Tabucchi es reconocido como el mejor autor italiano de su generación y es considerado uno de los mejores especialistas y traductores de la obra del portugués Fernando Pessoa. Su obra comprende novelas, relatos y ensayos: El juego del revés (1981); Dama de Porto P...

Descrizione completa

Salvato in:
Dettagli Bibliografici
Autore principale: Tabucchi, Antonio (autor)
Natura: Libro
Lingua:spagnolo
Pubblicazione: Barcelona, España : Anagrama, 2001, c2001
Serie:(Compactos ; 258)
Soggetti:
Tags: Aggiungi Tag
Nessun Tag, puoi essere il primo ad aggiungerne!!

MARC

LEADER 00000nam^a2200000^a^4500
001 000165383
005 20250521000000.0
009 20260310101015.146
020 |a 84-339-6689-8 
037 |a Acervo ITESO - Biblioteca 
041 |a ESP 
082 |a 853.  |b TAB 
100 |a Tabucchi, Antonio  |e (autor) 
245 1 3 |a El juego del revés /  |c A. Tabucchi ; tr. por Carmen Artal. 
264 4 |a Barcelona, España :  |b Anagrama,  |c 2001, c2001 
300 |a 152 p. 
336 |a texto  |b txt  |2 rdacontenido 
337 |a sin mediación  |b n  |2 rdamedio 
338 |a volumen  |b nc  |2 rdasoporte 
440 1 |a (Compactos ;  |v 258) 
500 |a Traducción de: Il gioco del rovescio 
520 |a Nacido en 1943 en Vecchiano, Antonio Tabucchi es reconocido como el mejor autor italiano de su generación y es considerado uno de los mejores especialistas y traductores de la obra del portugués Fernando Pessoa. Su obra comprende novelas, relatos y ensayos: El juego del revés (1981); Dama de Porto Pim (1983); Nocturno hindú (1984), galardonada con el Premio Médicis a la mejor novela traducida en Francia en 1987; Pequeños equívocos sin importancia (1985); La línea del horizonte (1986); Los volátiles del Beato Angélico (1987); El ángel negro (1991); Réquiem (1991); Sueños de sueños & Los tres últimos días de Fernando Pessoa (1992); Sostiene Pereira (1994), reconocida con numerosos galardones; La cabeza perdida de Damasceno Monteiro; Piazza d'Italia: fábula popular en tres actos, un epílogo y un apéndice y La gastritis de Platón. Junto con Carlos Gumpert Melgosa, uno de sus traductores al castellano, ha publicado Conversaciones con Antonio Tabucchi (1995). 
649 |a XX 
650 |a Cuentos Italianos 
650 |a Literatura Italiana -  |y Siglo XX 
910 |a Fondo General 
920 |a Impresos - Libros 
930 |a Colección General 
940 |a Literatura 
905 |a 101 
901 |a 0500100058  |b IT1  |c LIT  |u 20250521 
902 |a https://opac.biblio.iteso.mx/vufind/Record/000165383